000 00845nam a2200229 a 4500
005 20090825143351.0
008 850322s1983 ii b 001 0 eng
010 _aENG-94860
020 _c95.00
_a9788178794686
035 _aEN-78393
037 _bDBAD / PUB
040 _adpl
_bEnglish
082 _a796.352
100 _aNagi, Kunal
245 _aTeach yourself golf /
_cby Kunal Nagi
260 _aNew Delhi
_bSports Publication
_c2007
270 _aG-6, 23/23-B, EMCA House, Ansari Road, Daryaganj,
_bNew Delhi
_e110002
300 _a68p.:
_c22cm(Hb)
_bill.
650 _aGolf
_xStudy and teaching
942 _2ddc
_cEN
_mNAG
_h796.352
999 _c29574
_d29574